Normal view
MARC view
- مؤسسة فريدريش ايبرت
Entry Personal Name
001 - CONTROL NUMBER
- control field: 56695
003 - CONTROL NUMBER IDENTIFIER
- control field: JO-AjAnu
005 - DATE AND TIME OF LATEST TRANSACTION
- control field: 20230606083305.0
008 - FIXED-LENGTH DATA ELEMENTS
- fixed length control field: 230606|| aca||aabn | a|a d
040 ## - CATALOGING SOURCE
- Original cataloging agency: JO-AjAnu
- Transcribing agency: JO-AjAnu
100 ## - HEADING--PERSONAL NAME
- Personal name: مؤسسة فريدريش ايبرت
670 ## - SOURCE DATA FOUND
- Source citation: Work cat.: (JO-AjAnu)28931: مؤسسة فريدريش ايبرت, author, أوراق ونقاشات مؤتمر صعود الراديكالية الدينية في العالم العربي الأسباب ، المؤشرات والإستراتيجيات المضادة